• 首页
  • 本馆介绍
  • 公告通知
  • 最新文献
  • 馆藏检索
  • 电子资源
  • 读者导购
  • 参考咨询
  • 我的图书馆
  • 登录
  • 详细信息显示
  • 放入我的书架
  • 预约/预借图书
  • 作者相关作品
  • 分类相关作品
  • 丛书相关作品
  • 出版社相关作品

书目信息

  • 表格格式
  • 工作单格式
  • 卡片格式
题名:
布鲁诺·鲍威尔和卡尔·马克思
    
 
作者: 兹维·罗森 著 ;王谨 译
分册:  
出版信息: 北京   中国人民大学出版社  1984
页数: 288页
开本: 20cm
丛书名:
单 册:
中图分类: A715
科图分类:
主题词: 马克思--生事迹 , 马克思--传记 , 恩格斯--生平事迹 , 恩格斯--传记 , 列宁--生平事迹 , 列宁--传记 , 毛泽东--生平事迹 , 毛泽东--传记
电子资源:
ISBN:
000 00997nam0 2200313 450
001 0653591187
005 20060927150141.12
010    @dCNY0.95
100    @a20060927d1984 km y0chiy0120 ea
101 0  @achi
102    @aCN@b110000
102    @aCN@b110000
200 1  @a布鲁诺·鲍威尔和卡尔·马克思@e鲍威尔对马克思思想的影响@Abu lu nuo·bao wei er he ka er·ma ke si@f(波)兹维·罗森著@F(bo)zi wei·luo sen zhu@g王谨等译@Gwang jin deng yi
210    @a北京@c中国人民大学出版社@d1984
215    @a288页@d20cm
517 1  @a鲍威尔对马克思思想的影响@Abao wei er dui ma ke si si xiang de ying xiang
606 0  @a马克思@x生事迹
606 0  @a马克思@x传记
606 0  @a恩格斯@x生平事迹
606 0  @a恩格斯@x传记
606 0  @a列宁@x生平事迹
606 0  @a列宁@x传记
606 0  @a毛泽东@x生平事迹
606 0  @a毛泽东@x传记
690    @aA715@v3
701  0 @a兹维·罗森@Azi wei·luo sen@4著
702  0 @a王谨@Awang jin@4译
801  0 @aCN@bNISOFT@c20060927
905    @a10447@dA715@e157
    
    布鲁诺·鲍威尔和卡尔·马克思:鲍威尔对马克思思想的影响/(波)兹维·罗森著/王谨等译.-北京:中国人民大学出版社,1984
    288页;20cm
    
    
    ISBN :CNY0.95
    
●
相关链接 在E读中查询图书 在五车中查询图书 在当当中查询图书 在豆瓣中查询图书


正题名:布鲁诺·鲍威尔和卡尔·马克思     索取号:A715/157         预约/预借

序号 登录号 条形码 馆藏地/架位号 状态 备注
1 0422165   204221653   密集书库/ [索取号:A715/157] 在馆    
2 0422189   204221895   密集书库/ [索取号:A715/157] 在馆    
唐山师范学院图书馆 欢迎您!
大连网信软件有限公司© 版权所有